Dersim isyanları (Record no. 11937)

MARC details
000 -BAŞLIK
Sabit Uzunlukta Kontrol Alanı 00888na a2200289 4500
001 - KONTROL NUMARASI
Denetim Alanı 24339
003 - KONTROL NUMARASI IDENTIFIER
Denetim Alanı MIRAKIL
005 - SON İŞLEM TARİHİ VE ZAMANI
Denetim Alanı 20181226104237.0
008 - SABİT-BOY VERİ ELEMANLARI - GENEL BİLGİLER
Sabit Uzunlukta Kontrol Alanı 180917b tu 000 0
020 ## - ULUSLARARASI STANDART KİTAP NUMARASI
Uluslararası Standart Kitap Numarası 9786054125296
041 ## - DİL KODU
Metin / Ses Parça Veya Ayrı Başlığın Dil Kodu tur
082 ## - DEWEY ONLU SINIFLANDIRMA NUMARASI
Sınıflandırma Numarası 956.10256622
Ürün Numarası Z34d 2010
090 ## - SINIFLAMA NUMARASI
Sınıflama Numarası 956.10256622 Z34d 2010
100 ## - ANA GİRİŞ - KİŞİSEL İSİM
Kişisel Ad Zelyut, Rıza
245 ## - BAŞLIK TABLOSU
Başlık Dersim isyanları
Başlığın Kalan Seyit Rıza gerçeği
Sorumluluk Tablosu, Vb Rıza Zelyut
246 ## - UNVAN FORM VARYING
Başlık Doğru / Kısa Başlığı Seyit Rıza gerçeği
250 ## - EDITION TABLOSU
Baskı Beyanı 10.bs.
260 ## - YAYIN, DAĞITIM, VB
Yayın, Dağıtım, Vb Yeri Ankara
Yayıncı, Dağıtıcı, Vs Adı Kripto Kitaplar
Yayın, Dağıtım, Vb Tarihi 2010
Üretici Firma BRC Matbaacılık
300 ## - FİZİKSEL TANIM
Kapsam 391 s.
Diğer Fiziksel Ayrıntıları fotğ.
Boyutlar 21 sm.
440 ## - SERİSİ TABLOSU / KATMA GİRİŞİ - BAŞLIK
Başlık Kripto Kitaplar dizisi
Hacim / Ardışık Tanımı Genel yayın no.:26
490 ## - SERİSİ TABLOSU
Seri Beyanı Araştırma ve İnceleme
Hacim / Ardışık Tanımı 19
650 ## - KONU KATMA GİRİŞ - TOPİKAL DÖNEM
Topikal Süreli Veya Coğrafi Ad Giriş Elemanı Tarih
Genel Alt Bölümü Dersim ayaklanması
Coğrafi Alt Bölümü Tunceli (Dersim)
651 ## - KONU KATMA GİRİŞ - COĞRAFİ ADI
Coğrafi İsim Tunceli (Dersim)
Genel Alt Bölümü Tarih
Kronolojik Alt Bölümü İsyanlar
740 ## - KATMA GİRİŞ - KONTROLSUZ İLGİLİ / ANALİTİK BAŞLIK
Kontrol Edilmeyen / İlgili Analitik Başlıktaki Seyit Rıza gerçeği
942 ## - EKLENDİ GİRİŞ ELEMANLARI (KOHA)
Sınıflandırma Veya Raf Düzeni Kaynak Dewey Decimal Classification
Koha Öğesi Türü Books
040 ## - KATALOGLAMA KAYNAK
Orijinal Kataloglama Ajansı Milas
Kataloglama Dili tur
Metne Dönüştürmek Ajansı TR-AnCHP
999 ## - SİSTEM KONTROL NUMARALARI (KOHA)
Koha Biblionumber 11937
Koha Biblioitemnumber 11937
Holdings
Kullanım Kısıtlamaları Kalıcı Konum Mevcut Konum Edinme Tarihi Toplam Check-Out'Lar Tam Çağrı Numarası Barkod Tarih Son Görülme İtibaren Geçerli Fiyatlar Sigara Kamu Notu Koha Öğesi Türü
  Parti Okulu Kütüphanesi Parti Okulu Kütüphanesi 09/17/2018   956.10256622 Z34d 2010 P00107 09/17/2018 09/17/2018 Books